000 00236nam a22000857a 4500
008 161207b xxu||||| |||| 00| 0 eng d
100 _91918
_aChibber. S. N
245 _aText book of mathematics -X
260 _aNew delhi
_bArya publication
_c2007
999 _c4685
_d4685